|
|
|
|
| LEADER |
00000nam a22000007a 4500 |
| 005 |
20120731160526.0 |
| 007 |
cr|||| |||| |
| 008 |
120731s2011 sp |||||s|||| 00||0 spa d |
| 020 |
|
|
|a 978-84-15454-82-3
|
| 035 |
|
|
|a 6329
|
| 040 |
|
|
|a vLex
|
| 090 |
|
|
|c 3328
|d 3328
|
| 100 |
1 |
|
|a Gonzalo Quiroga, Marta
|
| 245 |
1 |
0 |
|a Mťodos alternos de solucin̤ de conflictos
|h [Recurso electrn̤ico] :
|b Herramientas de paz y modernizacin̤ de la justicia /
|c Marta Gonzalo Quiroga
|
| 256 |
|
|
|a Servicio en ln̕ea
|
| 260 |
|
|
|a Madrid :
|b Dykinson,
|c 2011
|
| 300 |
|
|
|a 1 recurso electrn̤ico
|
| 506 |
1 |
|
|a Contenido solo disponible en los productos indicados
|d vLex Global
|d vLex Global (Academic Edition, excluding Law Schools)
|d vLex Global (U.S. Academic Edition, Law Schools)
|d vLex Global (U.S. Academic Edition, excluding Law Schools)
|d vLex Global (Academic Edition, Law Schools)
|
| 650 |
0 |
4 |
|a Gestin̤ de conflictos
|
| 740 |
0 |
|
|a vLex Libros (Servicio en libros)
|
| 856 |
4 |
0 |
|u http://vlex.com/source/metodos-alternos-solucion-conflictos-herramientas-paz-modernizacion-justicia-6329
|z Acceso restringido
|
| 942 |
|
|
|c BOOK
|
| 999 |
0 |
|
|a Conflict management
|